| Tag |
First Indicator |
Second Indicator |
Subfields |
| LEADER |
00000cam a2200000I 4500 |
| 001 |
in00002784436 |
| 005 |
20151202172121.0 |
| 008 |
780320s1959 dcubd b f000 0 eng |
| 010 |
|
|
|a gs 59000159
|
| 035 |
|
|
|a (OCoLC)ocm03733410
|
| 035 |
|
|
|a (OCoLC)3733410
|
| 040 |
|
|
|a DLC
|c CSU
|d IAS
|d OCL
|d OCLCQ
|d OCLCG
|d CLU
|d OCLCQ
|d GPM
|d UtOrBLW
|
| 043 |
|
|
|a n-us-co
|
| 049 |
|
|
|a TXAM
|
| 050 |
0 |
4 |
|a QE75
|b .P9 no.319
|
| 082 |
0 |
|
|a 557.8861
|
| 086 |
0 |
|
|a I 19.16:319
|
| 100 |
1 |
|
|a Harrison, Jack Edward,
|d 1924-
|
| 245 |
1 |
0 |
|a Geology and ore deposits of the Chicago Creek area, Clear Creek County, Colorado /
|c by J.E. Harrison and J.D. Wells.
|
| 264 |
|
1 |
|a Washington :
|b U.S. Govt. Print. Off,
|c 1959.
|
| 300 |
|
|
|a v, 92 pages :
|b maps (part folded, part color) diagrams, tables. ;
|c 29 cm.
|
| 336 |
|
|
|a text
|b txt
|2 rdacontent
|
| 337 |
|
|
|a unmediated
|b n
|2 rdamedia
|
| 338 |
|
|
|a volume
|b nc
|2 rdacarrier
|
| 490 |
1 |
|
|a Geological Survey (U.S.). Professional paper,
|v 319
|
| 500 |
|
|
|a Part of illustrative matter folded in pocket.
|
| 504 |
|
|
|a Bibliography: page 89.
|
| 650 |
|
0 |
|a Geology
|z Colorado
|z Clear Creek County.
|
| 650 |
|
0 |
|a Ore deposits
|z Colorado
|z Clear Creek County.
|
| 650 |
|
0 |
|a Petrology
|z Colorado
|z Clear Creek County.
|
| 700 |
1 |
|
|a Wells, John David,
|d 1926-
|e author.
|
| 830 |
|
0 |
|a Geological Survey professional paper ;
|v 319.
|
| 948 |
|
|
|a cataloged
|b h
|c 2012/12/17
|d c
|e mvaldespin
|f 12:08:15 pm
|
| 994 |
|
|
|a C0
|b TXA
|
| 999 |
|
|
|a MARS
|
| 999 |
f |
f |
|s f08c2978-19ba-3ff3-896a-771b0f47df13
|i bb17214f-38a0-37b8-b22d-57a2e08b09ea
|t 0
|
| 952 |
f |
f |
|p normal
|a Texas A&M University
|b College Station
|c Sterling C. Evans Library
|d Evans: US Documents (Annex 5th floor)
|t 0
|e I 19.16:318-321
|h Superintendent of Documents classification
|i unmediated -- volume
|m A14837789137
|
| 952 |
f |
f |
|a Texas A&M University
|b College Station
|c Sterling C. Evans Library
|d Evans: US Documents (Annex 5th floor)
|t 0
|e I 19.16:318-321
|h Superintendent of Documents classification
|
| 998 |
f |
f |
|a I 19.16:318-321
|t 0
|l Evans: US Documents (Annex 5th floor)
|